01618nam a2200241Ia 4500001000600000003000900006008004100015040001300056040001300069041001300082100002200095100002900117245007800146245007700224250001100301260000900312260002400321260004900345300005700394500087200451650002201323650003101345F8235IT-RoPAU130308s9999 xx 000 0 und d aIT-RoPAU cIT-RoPAU aITALIANO aCruciani Fabrizio gCodice Aut. SPICS: 7672 aRegisti pedagoghi e comunità teatrali nel Novecento (E scritti inediti) bRegisti Pedagoghi e Comunita' teatrali nel Novecento (E scritti Inediti) a1a ed. aROMA bEditori & Associati c1995 [1° Ed.:1995 - Ed.Ling.Originale:1995] a"282 p. (prefazione: no ; testo: 282 [pagine: 0-0])" aL'Autore Individua Il Filo Principale del Teatro del Novecento Nei protagonisti del Rifiuto: Coloro Che, Minoritari, Marginali o Quasi Invisibili Perle cronache Teatrali, in Realtà Hanno Fatto la Storia del Teatro Contemporaneo. Introduzione per immagini dal Teatro del Nostro Passato: buco nel Sipario. padri fondatori e Teatro del Novecento. Teatro Pedagogia del Novecento. Teatri di Disturbo e Teatri di Liturgia. Alla Ricerca di un Attore Non Progettato. Sulla Scienza di Stanislavskij. Teatro Creativo, Kerzencev e Teatro Rivoluzionario della Russia Sovietica. scena di Weimar tra Teatro Politico e Teatro di Rivoluzione. Pubblico Come Popolo in Francia. guardare Teatro: Aporie del Critico nel Teatro del Novecento. in Theatrum Oratio. Due Inediti: guardando Il Lavoro dell'Attore, Scappare dal Centro: Storia di copeau (Conferenza a Malta Il 7 maggio 1992). aTEORICHE TEATRALI eCodice materia Spics: 8405